Responses for Show #1432 - Tuesday, November 20, 1990

Steve Robin game 1.
Game entered from audiorecording. Missing prizes.

Contestants

[<< previous game]

Steve Robin, a marketing director from Scottsdale, Arizona

Ken Nelson, a graduate student from Sanger, California

Barry Hamilton, an attorney from Rockville, Maryland (whose 1-day cash winnings total $8,900)

[next game >>]

Jeopardy! Round responses

19th CENTURY AMERICA
MIDDLE NAMES
TREES
POP MUSIC
THE WORLD PRESS
SPELLING
(Alex: And yes, indeed, you will have to spell the important word in each of the correct responses.)
    $100 7
the flag

Ken
    $100 6
Margaret Thatcher

Ken
    $100 14
the chestnut

Barry
    $100 1
"Honky Tonk Women"

Steve
    $100 17
the Roman Catholic Church

Barry
    $200 8
Washington, D.C.

Ken
    $200 10
Florence Griffith-Joyner

Barry
    $200 19
cedar

Steve
    $500 2
[The song was not reprised going into the break.]

"Love Is Blue"

Steve
    $200 18
La Prensa

Ken
    $300 9
New Orleans

Barry
    $300 11
Carl Sagan

Ken
    $300 22
white

Ken
    $300 3
dance

Steve
    $300 20
The People's Daily

Barry
    $400 12
Horace Greeley

Ken
    $400 15
Strom Thurmond

Barry
    $400 23
(Alex: And we have a minute to go.)

the pine

Steve
    $400 4
Jo Jo

Steve
    $400 21
Montreal

Ken
    $400 27
[The end-of-round signal sounds.]
(Alex: Oh, are you guys lucky or what? You were staying away from that spelling category throughout the whole round, hoping we would run out of time, and we did.)

C-O-R-N-U-C-O-P-I-A

Ken
    $500 13
(Ken: Who is John Paul Jones?)
(Steve: Who is Admiral Perry?)

James Lawrence

KenSteve
Triple Stumper
    $500 16
John D. MacDonald

Triple Stumper
    $500 25
(Ken: What is, uh, a filbert?)

the pistachio

Ken
Triple Stumper
    $500 5
[Applause for Steve's run of the category]
(Alex: Well done.)

Wolverton Mountain

Steve
    $500 24
(Steve: What is the Union of [*]?) [accepted without comment]

South Africa

Steve
    $500 26
S-T-A-L-A-G-M-I-T-E

Barry

Scores at the first commercial break (after clue 14):

Barry Ken Steve
$600 $600 $1,300

Scores at the end of the Jeopardy! Round:

Barry Ken Steve
$1,900 $1,400 $2,400

Double Jeopardy! Round responses

EUROPE
THE HUMAN BODY
PLAYWRIGHTS
RELIGION
AWARDS
FINAL RESTING PLACES
    $200 12
yodeling

Barry
    $200 30
sugar

Steve
    $200 4
Abraham Lincoln

Barry
    $200 1
the Shakers

Steve
    $200 11
the U.N.

Ken
    $200 21
Cleopatra

Ken
    $400 17
(Ken: What is the Liffey?)

Shannon

KenSteve
    $400 29
muscles

Steve
    $400 5
the Communist Party

Steve
    $400 2
angels

Ken
    $400 13
Gary Larson

Barry
    $400 24
(Steve: Who is Lizzie Borden?)

Carrie Nation

KenSteve
    $2,500 18
Corsica

Steve
    $600 28
(Ken: What is the brain?)
(Steve: What is the stomach)

the liver

BarryKenSteve
    $600 6
(Barry: Who is Gals... Galworthy?)
...
(Alex: Barry changed his mind and it cost him, unfortunately.)

John Galsworthy

BarrySteve
    $600 3
the Aztecs

Barry
    $600 14
Bette Davis

Steve
    $3,000 27
(Alex: [After Steve's wager] We have less than a minute to go.)

Andrew Jackson

Steve
    $800 19
(Barry: What is Frankfurt?)

Munich

Barry
Triple Stumper
    $800 23
hypothermia

Steve
    $800 7
Harold Pinter

Steve
    $800 9
Hinduism

Ken
    $800 15
(Steve: What is dance?)
(Alex: Be more specific.)

ballet

Steve
    $800 26
London

Steve
    $1000 20
Portugal

Steve
    $1000 22
cilia

Ken
    $1000 8
Clifford Odets

Steve
    $1000 10
Medina

Barry
    $1000 16
the Caldecott Medal

Triple Stumper
    $1000 25
Dr. Schweitzer

Steve

Scores at the end of the Double Jeopardy! Round:

Barry Ken Steve
$3,500 $3,400 $15,900
(lock game)

[wagering suggestions for these scores]

Final Jeopardy! Round responses

U.S. CITIES
(Alex: You had to think of something like the Acropolis in Greece, and that would give it to you, or at least it would help you.)
KenWhat is Cincinnati?
$3,000
BarryWhat is Akron?
$3,400
SteveWhat is Cincinnati?
$6,000
Akron

Final scores:

Barry Ken Steve
$6,900 $400 $9,900
2nd place 3rd place New champion: $9,900

Game dynamics:

Coryat scores:

Barry Ken Steve
$3,500 $3,400 $11,300
13 R,
2 W
15 R,
4 W
24 R
(including 3 DDs),
3 W

Combined Coryat: $18,200

[game clues] [game scores] [suggest correction]

Game tape date: 1990-09-11
The J! Archive is created by fans, for fans. Scraping, republication, monetization, and malicious use prohibited; this site may use cookies and collect identifying information. See terms. The Jeopardy! game show and all elements thereof, including but not limited to copyright and trademark thereto, are the property of Jeopardy Productions, Inc. and are protected under law. This website is not affiliated with, sponsored by, or operated by Jeopardy Productions, Inc. Join the discussion at JBoard.tv.